000 00639nam a2200217 u 4500
005 20220816154206.0
008 141119s2010 r 000 0 eng d
020 _a9786071108234
035 _aUPN01000200822
049 _aI
050 4 _aPZ76.3
_bP5.22
100 1 _aPi Andreu, Andrés,
_d1969-
_936646
245 1 3 _aLa abeja de más /
_cAndrés Pi Andreu ; il. Kim Amate.
260 _aMéxico :
_bAlfaguara,
_c2010.
300 _a[32] p. :
_bil. col.
440 0 _aAlfaguara infantil
650 7 _aAbejas
_vLiteratura infantil
_2
_922183
650 0 _aAnimales
_vCuentos y leyendas
_9234
905 _aInfantil
999 _c172923
_d172923